Počítačová bezpečnost a ochrana dat
Gespeichert in:
| 1. Verfasser: | |
|---|---|
| Format: | Buch |
| Sprache: | Tschechisch |
| Veröffentlicht: |
Brno
Computer Press
2004
|
| Schlagworte: | |
| Tags: |
Keine Tags, Fügen Sie das erste Tag hinzu!
|
MARC
| LEADER | 00000nam$a2200000$$$4500 | ||
|---|---|---|---|
| 001 | 0048570 | ||
| 005 | 20240315114626.0 | ||
| 020 | |a 80-251-0106-1 | ||
| 041 | 0 | |a cze | |
| 044 | |a CZ | ||
| 245 | 1 | 0 | |a Počítačová bezpečnost a ochrana dat |c Tomáš Doseděl |
| 264 | 1 | |a Brno |b Computer Press |c 2004 | |
| 300 | |a 190 s. | ||
| 610 | 2 | 0 | |a počítače |
| 610 | 2 | 0 | |a bezpečnosť |
| 610 | 2 | 0 | |a ochrana dát |
| 610 | 2 | 0 | |a podpis elektronický |
| 610 | 2 | 0 | |a softvér |
| 610 | 2 | 0 | |a normy |
| 610 | 2 | 0 | |a certifikácia |
| 610 | 2 | 0 | |a siete počítačové |
| 610 | 2 | 0 | |a smernice |
| 100 | 1 | |a Doseděl, Tomáš | |